[Event "COL-ch Universities Rapid"]
[Site "Bogota"]
[Date "2025.04.05"]
[Round "4"]
[White "Castro Ruiz, Julian"]
[Black "Campos Perilla, Felix Santiago"]
[Result "1-0"]
[WhiteElo "1734"]
[BlackElo "1806"]
[PlyCount "75"]
[EventDate "2025.04.05"]
[EventType "swiss (rapid)"]
[EventRounds "7"]
[EventCountry "COL"]
[SourceTitle "CB16_2025"]
[SourceDate "2025.04.16"]
[SourceVersion "1"]
[SourceVersionDate "2025.04.16"]
[SourceQuality "1"]

1. c4 e5 2. Nc3 d6 3. g3 f5 4. Bg2 Nf6 5. d3 Nc6 6. e3 Be7 7. Nf3 0-0 8. a3 h6 9. b4 Re8 10. 0-0 Bf8 11. d4 e4 12. Nd2 Ne7 13. Bb2 c6 14. b5 d5 15. c5 Bd7 16. a4 g5 17. f4 b6 18. Qe2 Ng6 19. Nb3 g4 20. Rfc1 Rc8 21. a5 bxc5 22. dxc5 cxb5 23. Nxb5 Bxb5 24. Qxb5 Rb8 25. Qa4 Bg7 26. Bd4 Ne7 27. c6 Qc7 28. Be5 Qc8 29. Bxb8 Qxb8 30. Nd4 Rc8 31. Rab1 Qd6 32. Bf1 Ne8 33. Rb7 Nc7 34. Rxa7 Bxd4 35. exd4 Ne6 36. Rd7 Qxd7 37. cxd7 Rxc1 38. Qa3 1-0

[Event "COL-ch Universities Blitz"]
[Site "Bogota"]
[Date "2025.04.04"]
[Round "5"]
[White "Vargas Villalobos, Daniel Fernando"]
[Black "Campos Perilla, Felix Santiago"]
[Result "1-0"]
[WhiteElo "1936"]
[BlackElo "1845"]
[PlyCount "85"]
[EventDate "2025.04.04"]
[EventType "swiss (blitz)"]
[EventRounds "9"]
[EventCountry "COL"]
[SourceTitle "CB18_2025"]
[SourceDate "2025.04.30"]
[SourceVersion "1"]
[SourceVersionDate "2025.04.30"]
[SourceQuality "1"]

1. c4 e5 2. Nc3 d6 3. e3 f5 4. d4 e4 5. b4 Nf6 6. Bb2 Be7 7. c5 d5 8. b5 0-0 9. Nge2 c6 10. Qa4 Bd7 11. Qb3 Kh8 12. Nf4 Qc7 13. a4 Ng4 14. h3 g5 15. Nfxd5 cxd5 16. hxg4 fxg4 17. Qxd5 g3 18. Qxe4 gxf2+ 19. Kd2 Bf5 20. Qd5 Nd7 21. Ne4 Rad8 22. Nd6 Nxc5 23. dxc5+ Bf6 24. Qxf5 Bxb2 25. Qb1 Rxd6+ 26. cxd6 Qc3+ 27. Ke2 Qe1+ 28. Qxe1 fxe1Q+ 29. Kxe1 Bxa1 30. Bd3 Rf7 31. Rh6 Kg7 32. Re6 Bc3+ 33. Ke2 Bb4 34. e4 Bc5 35. e5 g4 36. Be4 b6 37. Re8 Rf2+ 38. Kd3 Ra2 39. d7 Ra3+ 40. Kc2 Ra2+ 41. Kc3 Re2 42. d8Q Re3+ 43. Bd3 1-0

[Event "Juegos Univers 31st rap op"]
[Site "Pereira"]
[Date "2024.10.02"]
[Round "7"]
[White "Campos Perilla, Felix Santiago"]
[Black "Garcia Rojas, Miguel Angel"]
[Result "1/2-1/2"]
[WhiteElo "1773"]
[BlackElo "1869"]
[PlyCount "104"]
[EventDate "2024.10.01"]
[EventType "swiss"]
[EventRounds "7"]
[EventCountry "COL"]
[SourceTitle "EXT 2025"]
[Source "ChessBase"]
[SourceDate "2024.10.14"]
[SourceVersion "1"]
[SourceVersionDate "2024.10.14"]
[SourceQuality "1"]

1. e4 d6 2. d4 Nf6 3. Bd3 e5 4. d5 Nbd7 5. c4 Nc5 6. Nc3 Nxd3+ 7. Qxd3 Be7 8. Nf3 0-0 9. 0-0 Nd7 10. b4 a5 11. bxa5 Rxa5 12. Be3 Nc5 13. Qc2 f5 14. Nd2 Bd7 15. Nb3 Nxb3 16. axb3 Rxa1 17. Rxa1 f4 18. Bd2 h5 19. f3 h4 20. h3 c6 21. Be1 Rf6 22. Bxh4 Rg6 23. Bxe7 Qxe7 24. Kf1 Qh4 25. Qf2 Qh5 26. Ke2 Qg5 27. Rg1 Bxh3 28. Kf1 Bd7 29. Qb6 Bh3 30. gxh3 Qh5 31. Qd8+ Kh7 32. Rxg6 Qxf3+ 33. Kg1 Kxg6 34. Qe8+ Kh7 35. dxc6 Qg3+ 36. Kf1 Qf3+ 37. Kg1 bxc6 38. Na4 Qg3+ 39. Kf1 Qxh3+ 40. Ke2 f3+ 41. Ke3 Qg4 42. Qf7 Qg1+ 43. Kd2 Qf2+ 44. Kc3 Qe1+ 45. Kb2 Qe2+ 46. Ka3 f2 47. Qf5+ Kg8 48. Qe6+ Kh7 49. Qh3+ Kg8 50. Qe6+ Kh7 51. Qh3+ Kg8 52. Qe6+ Kh7 1/2-1/2

[Event "Juegos Univers 31st op"]
[Site "Pereira"]
[Date "2024.09.30"]
[Round "5"]
[White "Murillo Loreo, Oscar Miguel"]
[Black "Campos Perilla, Felix Santiago"]
[Result "1-0"]
[WhiteElo "1911"]
[BlackElo "1773"]
[PlyCount "93"]
[EventDate "2024.09.28"]
[EventType "swiss"]
[EventRounds "7"]
[EventCountry "COL"]
[SourceTitle "EXT 2025"]
[Source "ChessBase"]
[SourceDate "2024.10.14"]
[SourceVersion "1"]
[SourceVersionDate "2024.10.14"]
[SourceQuality "1"]

1. e4 e5 2. Nf3 Nc6 3. Bb5 Nf6 4. d3 Bc5 5. Nbd2 d6 6. c3 0-0 7. Nf1 Ne7 8. Bg5 Ng4 9. Bh4 f5 10. h3 fxe4 11. dxe4 Nh6 12. Qb3+ Kh8 13. 0-0-0 c6 14. Be2 Qe8 15. Ne3 Ng6 16. Bg5 Nf7 17. h4 b5 18. Qc2 h6 19. h5 Nxg5 20. hxg6 Qxg6 21. Nh4 Qf6 22. Kb1 a5 23. Ng4 Qf7 24. f4 exf4 25. e5 Bf5 26. Nxf5 Qxf5 27. Qxf5 Rxf5 28. exd6 Rd8 29. c4 Nf7 30. d7 Ne5 31. cxb5 cxb5 32. Rd5 Rxd7 33. Rxc5 Rd2 34. Bxb5 Nxg4 35. Rxf5 Nf6 36. Bc6 Rd4 37. Rxa5 Kg8 38. Ra4 Rd6 39. Bf3 Kf7 40. Rxf4 g5 41. Rc4 Kg7 42. a4 Re6 43. a5 Kg6 44. Rc6 Re5 45. Rf1 Kg7 46. a6 g4 47. a7 1-0

[Event "Juegos Univers 31st op"]
[Site "Pereira"]
[Date "2024.09.28"]
[Round "2"]
[White "Rojas Castillo, Leibnitz Edison"]
[Black "Campos Perilla, Felix Santiago"]
[Result "1-0"]
[WhiteElo "1951"]
[BlackElo "1773"]
[PlyCount "49"]
[EventDate "2024.09.28"]
[EventType "swiss"]
[EventRounds "7"]
[EventCountry "COL"]
[SourceTitle "EXT 2025"]
[Source "ChessBase"]
[SourceDate "2024.10.14"]
[SourceVersion "1"]
[SourceVersionDate "2024.10.14"]
[SourceQuality "1"]

1. e4 e5 2. Nf3 Nc6 3. Bc4 Bc5 4. c3 d6 5. d4 exd4 6. cxd4 Bb6 7. h3 Nf6 8. 0-0 0-0 9. Nc3 h6 10. Re1 Re8 11. Bf4 Ne7 12. Qd2 Ng6 13. Bxh6 gxh6 14. Qxh6 Be6 15. Bd3 Nh7 16. e5 Nhf8 17. Ne4 dxe5 18. dxe5 Nd7 19. Neg5 Qe7 20. Nxe6 Qxe6 21. Ng5 Qd5 22. e6 Bxf2+ 23. Kh1 Nde5 24. Rxe5 Nxe5 25. Bh7+ 1-0

[Event "Bogota El Tablazo op"]
[Site "Bogota"]
[Date "2021.11.05"]
[Round "2"]
[White "Campos Perilla, Felix Santiago"]
[Black "Garcia, Juan Manuel"]
[Result "1-0"]
[WhiteElo "1550"]
[BlackElo "1904"]
[PlyCount "99"]
[EventDate "2021.11.04"]
[EventType "swiss"]
[EventRounds "7"]
[EventCountry "COL"]
[SourceTitle "CBM 205 Extra"]
[Source "ChessBase"]
[SourceDate "2022.01.31"]
[SourceVersion "1"]
[SourceVersionDate "2022.01.31"]
[SourceQuality "1"]

1. e4 e5 2. Nf3 Nc6 3. Bc4 Bc5 4. 0-0 Nf6 5. Re1 0-0 6. c3 d6 7. d4 Bb6 8. h3 exd4 9. cxd4 Nxe4 10. Rxe4 d5 11. Rh4 dxc4 12. Ng5 Bxd4 13. Qh5 h6 14. Nc3 Bf5 15. Nf3 Bg6 16. Qb5 Ne5 17. Rf4 Nxf3+ 18. Rxf3 Bxc3 19. bxc3 Qd1+ 20. Kh2 Rae8 21. Bb2 Qd6+ 22. Rg3 Re2 23. a4 Qb6 24. Ba3 Qxb5 25. axb5 Ra8 26. Bc5 b6 27. Bd4 Rb2 28. Ra4 Rxb5 29. Rxc4 c5 30. Be5 Re8 31. f4 Kh7 32. Ra4 f6 33. Bxf6 Ra5 34. Rxa5 bxa5 35. Be5 c4 36. Bxg7 Kxg7 37. f5 Re5 38. Rxg6+ Kh7 39. g4 Re2+ 40. Kg3 Re3+ 41. Kh4 Rxc3 42. Ra6 Ra3 43. Rxa7+ Kg8 44. Kh5 Rxh3+ 45. Kg6 Kf8 46. f6 Re3 47. Rxa5 Re4 48. Ra8+ Re8 49. Rxe8+ Kxe8 50. Kg7 1-0

[Event "Antioquia op"]
[Site "Antioquia"]
[Date "2020.03.06"]
[Round "5"]
[White "Norena Marin, Jeronimo"]
[Black "Campos Perilla, Felix Santiago"]
[Result "1/2-1/2"]
[WhiteElo "1269"]
[BlackElo "1552"]
[PlyCount "134"]
[EventDate "2020.03.03"]
[EventType "swiss"]
[EventRounds "9"]
[EventCountry "COL"]
[SourceTitle "CBM 195 Extra"]
[Source "ChessBase"]
[SourceDate "2020.05.31"]
[SourceVersion "1"]
[SourceVersionDate "2020.05.31"]
[SourceQuality "1"]

1. e4 e5 2. Nf3 Nc6 3. Bc4 Nf6 4. d3 Be7 5. c3 0-0 6. 0-0 d5 7. exd5 Nxd5 8. Bb5 Bd6 9. Nbd2 Nce7 10. Ne4 c6 11. Bc4 b5 12. Nxd6 Qxd6 13. Bb3 Ng6 14. c4 Ndf4 15. Bxf4 Nxf4 16. d4 bxc4 17. Bxc4 e4 18. Ne5 c5 19. Qd2 Qh6 20. Rad1 Qg5 21. g3 Nh3+ 22. Kh1 cxd4 23. Qxg5 Nxg5 24. Rxd4 Re8 25. h4 Ne6 26. Rfd1 Bb7 27. Rd6 Rad8 28. Kg1 Rxd6 29. Rxd6 Bc8 30. Bd5 g6 31. Ng4 Kg7 32. Ne3 f5 33. b4 Nd4 34. Bc6 Re6 35. Rxd4 Rxc6 36. a4 Be6 37. b5 Rc1+ 38. Rd1 Rc7 39. a5 Rc5 40. Rb1 Kh6 41. b6 axb6 42. axb6 Rc8 43. b7 Rb8 44. Kg2 Bd7 45. Rb6 Kh5 46. Nd5 Kh6 47. Ne7 Kg7 48. Nd5 Kh6 49. f3 exf3+ 50. Kxf3 Rxb7 51. Rxb7 Bc6 52. Rc7 Bxd5+ 53. Kf4 Be6 54. Re7 Bc4 55. Ke5 Ba6 56. Kf6 Bc4 57. Re1 Kh5 58. Kg7 h6 59. Rd1 g5 60. hxg5 hxg5 61. Rd4 Be2 62. Kf6 Bg4 63. Rd8 Bh3 64. Rh8+ Kg4 65. Rg8 Kxg3 66. Rxg5+ Bg4 67. Rxf5 Bxf5 1/2-1/2

[Event "COL-ch U15"]
[Site "Bogota"]
[Date "2019.12.08"]
[Round "6.1"]
[White "Campos Perilla, Felix Santiago"]
[Black "Lopez Ramirez, David Santiago"]
[Result "0-1"]
[WhiteElo "1542"]
[BlackElo "1967"]
[PlyCount "94"]
[EventDate "2019.12.06"]
[EventType "swiss"]
[EventRounds "6"]
[EventCountry "COL"]
[SourceTitle "EXT 2024"]
[Source "ChessBase"]
[SourceDate "2023.10.10"]
[SourceVersion "1"]
[SourceVersionDate "2023.10.10"]
[SourceQuality "1"]

1. f4 g6 2. Nf3 Bg7 3. g3 Nf6 4. Bg2 0-0 5. 0-0 d6 6. d3 Nc6 7. c3 e5 8. e4 Re8 9. Na3 Nh5 10. fxe5 dxe5 11. Ng5 Nf6 12. Nc2 h6 13. Nf3 Qd6 14. Be3 b6 15. Qd2 Ba6 16. Rfd1 Rad8 17. Nfe1 Ng4 18. a4 Na5 19. Ra3 c5 20. b4 Nxe3 21. Nxe3 cxb4 22. cxb4 Nc6 23. Nd5 Ne7 24. Ne3 Rc8 25. N1c2 Rc7 26. b5 Bc8 27. Nc4 Qc5+ 28. Qe3 Be6 29. Qxc5 Rxc5 30. N2e3 Rd8 31. Rc3 f5 32. Rdc1 Rdc8 33. Bh3 Bf6 34. Kf2 R8c7 35. Ke2 Bg5 36. R1c2 Bxe3 37. Kxe3 f4+ 38. gxf4 Bxh3 39. fxe5 Be6 40. h4 Bxc4 41. d4 Bb3 42. dxc5 Bxc2 43. Rxc2 Rxc5 44. Rd2 Kf7 45. Kf4 g5+ 46. hxg5 hxg5+ 47. Kxg5 Ke6 0-1

[Event "COL-ch U15"]
[Site "Bogota"]
[Date "2019.12.07"]
[Round "4.2"]
[White "Mora Munoz, Alejandro"]
[Black "Campos Perilla, Felix Santiago"]
[Result "0-1"]
[WhiteElo "1513"]
[BlackElo "1542"]
[PlyCount "44"]
[EventDate "2019.12.06"]
[EventType "swiss"]
[EventRounds "6"]
[EventCountry "COL"]
[SourceTitle "EXT 2024"]
[Source "ChessBase"]
[SourceDate "2023.10.10"]
[SourceVersion "1"]
[SourceVersionDate "2023.10.10"]
[SourceQuality "1"]

1. e4 e5 2. Nf3 Nc6 3. Bb5 a6 4. Ba4 Nf6 5. 0-0 b5 6. Bb3 Be7 7. d4 Nxd4 8. Nxd4 exd4 9. e5 d5 10. exf6 Bxf6 11. a4 c5 12. axb5 c4 13. Ba4 0-0 14. Na3 Bd7 15. Bf4 Qb6 16. c3 d3 17. Be3 Qa5 18. Bc5 Rfe8 19. Bb4 Qb6 20. bxa6 Bxa4 21. Qxa4 Re2 22. Rfe1 Qxf2+ 0-1

[Event "Pan American-ch School U15"]
[Site "Medellin"]
[Date "2019.11.14"]
[Round "5"]
[White "Campos Perilla, Felix Santiago"]
[Black "Loaiza Cuervo, Santiago"]
[Result "1-0"]
[WhiteElo "1492"]
[BlackElo "1747"]
[PlyCount "99"]
[EventDate "2019.11.12"]
[EventType "swiss"]
[EventRounds "9"]
[EventCountry "COL"]
[SourceTitle "CBM 193 Extra"]
[Source "ChessBase"]
[SourceDate "2020.01.31"]
[SourceVersion "1"]
[SourceVersionDate "2020.01.31"]
[SourceQuality "1"]

1. e4 c5 2. c3 d5 3. e5 Bf5 4. d4 e6 5. Bd3 Bxd3 6. Qxd3 Nc6 7. Nf3 Nge7 8. a3 Nf5 9. b4 cxb4 10. cxb4 Qb6 11. Be3 Be7 12. 0-0 0-0 13. Nbd2 f6 14. exf6 Bxf6 15. Nb3 Rad8 16. Nc5 Nxe3 17. Qxe3 Rfe8 18. Rad1 e5 19. dxe5 Nxe5 20. Qb3 Nxf3+ 21. Qxf3 Qc6 22. Rfe1 b6 23. Rxe8+ Rxe8 24. Nd3 Qc4 25. Nf4 d4 26. Qd5+ Qxd5 27. Nxd5 Kf7 28. f3 Rd8 29. Nxf6 Kxf6 30. Kf2 Ke5 31. h4 Kd5 32. Rc1 Re8 33. a4 d3 34. Re1 Rxe1 35. Kxe1 Kc4 36. Kd2 Kxb4 37. Kxd3 Kxa4 38. f4 Kb5 39. f5 Kc5 40. g4 Kd5 41. Kc3 Ke4 42. Kb4 Kf4 43. h5 Kxg4 44. h6 gxh6 45. f6 h5 46. f7 h4 47. f8Q Kg3 48. Qg7+ Kh2 49. Kc3 h3 50. Kd2 1-0

[Event "COL-ch U14"]
[Site "Fusagasuga"]
[Date "2019.06.30"]
[Round "8"]
[White "Gonzalez Velasco, Leandro"]
[Black "Campos Perilla, Felix Santiago"]
[Result "1-0"]
[WhiteElo "1707"]
[BlackElo "1444"]
[PlyCount "91"]
[EventDate "2019.06.26"]
[EventType "tourn"]
[EventRounds "9"]
[EventCountry "COL"]
[SourceTitle "CBM 191 Extra"]
[Source "ChessBase"]
[SourceDate "2019.09.30"]
[SourceVersion "1"]
[SourceVersionDate "2019.09.30"]
[SourceQuality "1"]

1. e4 c5 2. Nf3 g6 3. d4 cxd4 4. Qxd4 Nf6 5. Nc3 d6 6. e5 Nc6 7. Qa4 Ng4 8. Bb5 Bg7 9. exd6 Qxd6 10. 0-0 0-0 11. Bf4 Nce5 12. Rad1 Qb6 13. Nd5 Qc5 14. Nxe5 Nxe5 15. b4 Qd6 16. Bg5 Qe6 17. Bxe7 Qg4 18. f3 Nxf3+ 19. Rxf3 Be6 20. Nc7 Bd4+ 21. Kh1 Rfc8 22. Nxe6 Qxe6 23. Rxd4 Rc7 24. Bh4 a6 25. Bd3 Re8 26. Qxe8+ Qxe8 27. Rd8 Rc8 28. Rxe8+ Rxe8 29. Kg1 b5 30. Kf2 f5 31. Re3 Kf7 32. Rxe8 Kxe8 33. c4 Kd7 34. c5 h6 35. g4 fxg4 36. Bxg6 a5 37. Bf5+ Kc7 38. Bg3+ Kb7 39. Be4+ Ka6 40. c6 axb4 41. c7 b3 42. c8Q+ Ka5 43. Bd6 bxa2 44. Qa8+ Kb6 45. Qb7+ Ka5 46. Qa7# 1-0

[Event "COL-ch U14"]
[Site "Fusagasuga"]
[Date "2019.06.28"]
[Round "5"]
[White "Cabiativa, Juan Esteban"]
[Black "Campos Perilla, Felix Santiago"]
[Result "1-0"]
[WhiteElo "1514"]
[BlackElo "1444"]
[PlyCount "103"]
[EventDate "2019.06.26"]
[EventType "tourn"]
[EventRounds "9"]
[EventCountry "COL"]
[SourceTitle "CBM 191 Extra"]
[Source "ChessBase"]
[SourceDate "2019.09.30"]
[SourceVersion "1"]
[SourceVersionDate "2019.09.30"]
[SourceQuality "1"]

1. c4 f5 2. Nf3 Nf6 3. g3 g6 4. Bg2 Bg7 5. d4 0-0 6. 0-0 d6 7. Nc3 c6 8. Rb1 Qc7 9. d5 Rd8 10. Bf4 a6 11. Qd2 Nbd7 12. Nd4 Ne5 13. b3 Rb8 14. Rfd1 c5 15. Ne6 Bxe6 16. dxe6 Qc8 17. Bxe5 dxe5 18. Qxd8+ Qxd8 19. Rxd8+ Rxd8 20. Bxb7 Ne8 21. Bxa6 Nc7 22. Bb7 Nxe6 23. Bd5 Kf7 24. Nb5 Kf6 25. a4 Nd4 26. Nxd4 exd4 27. a5 Rd7 28. a6 Ra7 29. Bb7 e5 30. b4 cxb4 31. Rxb4 Bf8 32. Rb5 e4 33. Rd5 e3 34. f3 Ke6 35. Rxd4 h6 36. Rd3 Bc5 37. Rd5 Be7 38. c5 Rxa6 39. Rd1 Ra2 40. Bd5+ Ke5 41. Bxa2 g5 42. c6 Bd6 43. f4+ gxf4 44. gxf4+ Kxf4 45. Rxd6 h5 46. c7 h4 47. c8Q h3 48. Rd4+ Ke5 49. Qc5+ Kf6 50. Qf8+ Kg5 51. Qg7+ Kh5 52. Bf7# 1-0

[Event "COL-ch U14"]
[Site "Fusagasuga"]
[Date "2019.06.28"]
[Round "4"]
[White "Campos Perilla, Felix Santiago"]
[Black "Lopez Ramirez, David Santiago"]
[Result "1/2-1/2"]
[WhiteElo "1444"]
[BlackElo "1891"]
[PlyCount "89"]
[EventDate "2019.06.26"]
[EventType "tourn"]
[EventRounds "9"]
[EventCountry "COL"]
[SourceTitle "CBM 191 Extra"]
[Source "ChessBase"]
[SourceDate "2019.09.30"]
[SourceVersion "1"]
[SourceVersionDate "2019.09.30"]
[SourceQuality "1"]

1. e4 c6 2. d4 d5 3. exd5 cxd5 4. Nf3 Nc6 5. Nc3 Bg4 6. Be2 e6 7. Be3 Bd6 8. a3 Bxf3 9. Bxf3 f5 10. Qd2 Nf6 11. g3 0-0 12. 0-0 Ne4 13. Nxe4 dxe4 14. Bg2 Qe8 15. Rad1 Qh5 16. f4 Ne7 17. Rfe1 Rac8 18. Qe2 Qxe2 19. Rxe2 Nd5 20. Rc1 b5 21. Bf1 Bc7 22. Kg2 Bb6 23. Kf2 g5 24. Ree1 gxf4 25. gxf4 e5 26. dxe5 Nxe3 27. Rxe3 a6 28. a4 bxa4 29. Bxa6 Rb8 30. Ke2 Bxe3 31. Kxe3 Kf7 32. h4 Ke7 33. Rb1 Rb6 34. Bc4 Rg6 35. Ra1 Ra8 36. Bd5 Ra7 37. Rf1 Rg2 38. c4 Rxb2 39. Rg1 Rc7 40. Rg7+ Kd8 41. Rg8+ Kd7 42. Rg7+ Kd8 43. Rg8+ Kd7 44. Rg7+ Kc8 45. Rg8+ 1/2-1/2